[Event "Quebec-ch"]
[Site "Montreal CAN"]
[Date "1986.06.26"]
[Round "9"]
[White "Spraggett, Kevin"]
[Black "Spraggett, Grant"]
[Result "1-0"]
[WhiteElo "2535"]
[BlackElo "2175"]
[PlyCount "47"]
[EventDate "1986.06.16"]
[EventType "tourn"]
[EventRounds "11"]
[EventCountry "CAN"]

1. c4 Nf6 2. Nc3 d5 3. cxd5 Nxd5 4. g3 Nb6 5. Bg2 g6 6. d3 Bg7 7. Be3 c6 8. Qc1
h6 9. Nf3 Be6 10. O-O Qd7 11. Rd1 Na6 12. a3 Bh3 13. Bh1 Nd5 14. Bd4 f6 15. e4
Ndc7 16. Be3 h5 17. d4 Rc8 18. d5 Nb5 19. Nh4 Nxc3 20. bxc3 g5 21. Nf5 Bxf5 22.
dxc6 Qxc6 23. exf5 Qc7 24. Qb1 1-0

[Event "Quebec-ch"]
[Site "Montreal CAN"]
[Date "1986.06.28"]
[Round "10"]
[White "Leveille, Francois"]
[Black "Spraggett, Kevin"]
[Result "0-1"]
[WhiteElo "2245"]
[BlackElo "2535"]
[PlyCount "120"]
[EventDate "1986.06.16"]
[EventType "tourn"]
[EventRounds "11"]
[EventCountry "CAN"]

1. d4 f5 2. Nf3 Nf6 3. g3 e6 4. Bg2 d5 5. O-O Bd6 6. c4 c6 7. b3 Qe7 8. a4 a5
9. Ba3 Bxa3 10. Nxa3 O-O 11. e3 Ne4 12. Ne1 Nd7 13. Nd3 b6 14. f3 Nd6 15. Ne5
Nxe5 16. dxe5 Nb7 17. cxd5 exd5 18. f4 Nc5 19. Nc2 Ba6 20. Nd4 Rac8 21. Rf2 Bd3
22. g4 fxg4 23. Qxg4 Kh8 24. Kh1 g6 25. Bf3 Ne4 26. Rg2 c5 27. Rc1 cxd4 28.
Rxc8 dxe3 29. Be2 Bxe2 30. Rxe2 d4 31. Kg2 Nc5 32. Rxf8+ Qxf8 33. f5 Qxf5 34.
Qxd4 Ne6 35. Qxe3 Nf4+ 36. Kh1 Nxe2 37. Qxe2 Qb1+ 38. Kg2 Qxb3 39. e6 Qd5+ 40.
Kg1 Qd4+ 41. Kg2 Qd5+ 42. Kg1 Qc5+ 43. Kg2 Qc6+ 44. Kg1 Kg8 45. e7 Kf7 46.
e8=Q+ Qxe8 47. Qf2+ Kg8 48. Qxb6 Qxa4 49. Qe6+ Kg7 50. Qe7+ Kh6 51. Qe3+ Kh5
52. Qe5+ g5 53. Qd5 Qg4+ 54. Kh1 Qf4 55. Qd3 Qc1+ 56. Kg2 Qc6+ 57. Kg3 Kh6 58.
h4 Qf6 59. hxg5+ Qxg5+ 60. Kh3 Qh5+ 0-1

[Event "Quebec-ch"]
[Site "Montreal CAN"]
[Date "1986.06.29"]
[Round "11"]
[White "Spraggett, Kevin"]
[Black "Dupuis, Stephane"]
[Result "1-0"]
[WhiteElo "2535"]
[BlackElo "2119"]
[PlyCount "33"]
[EventDate "1986.06.16"]
[EventType "tourn"]
[EventRounds "11"]
[EventCountry "CAN"]

1. c4 c5 2. Nf3 Nf6 3. Nc3 e6 4. g3 b6 5. e4 d6 6. Bg2 Bb7 7. d3 Nc6 8. O-O Be7
9. d4 cxd4 10. Nxd4 O-O 11. e5 Nxd4 12. exf6 Bxg2 13. fxe7 Qxe7 14. Kxg2 Qb7+
15. f3 e5 16. Be3 Nf5 17. Qd3 1-0

[Event "Paul Keres mem (11th)"]
[Site "Vancouver CAN"]
[Date "1986.05.16"]
[Round "1"]
[White "Braley, John"]
[Black "Spraggett, Kevin"]
[Result "0-1"]
[WhiteElo "2249"]
[BlackElo "2596"]
[PlyCount "73"]
[EventDate "1986.05.17"]
[EventType "swiss"]
[EventRounds "7"]
[EventCountry "CAN"]

1. e4 c5 2. d3 Nc6 3. c3 d5 4. Be2 Nf6 5. Nd2 g6 6. Ngf3 Bg7 7. O-O O-O 8. Re1
e5 9. Qc2 h6 10. a3 d4 11. b4 cxb4 12. axb4 dxc3 13. Qxc3 Nh5 14. Nb3 Nf4 15.
Bxf4 exf4 16. d4 g5 17. b5 Ne7 18. Rac1 Ng6 19. Qc7 g4 20. Nfd2 Bxd4 21. Nxd4
Qxd4 22. Nb3 Qg7 23. Kh1 Ne5 24. Nd4 Re8 25. Nf5 Bxf5 26. exf5 b6 27. Qb7 Qg5
28. Ra1 Qxf5 29. Bf1 f3 30. Rxa7 fxg2+ 31. Bxg2 Rxa7 32. Qxa7 Re6 33. Qa8+ Kg7
34. Be4 Qf6 35. Rg1 h5 36. Qc8 Nf3 37. Bxf3 0-1

[Event "Paul Keres mem (11th)"]
[Site "Vancouver CAN"]
[Date "1986.05.17"]
[Round "2"]
[White "Spraggett, Kevin"]
[Black "Zuk, Robert"]
[Result "1-0"]
[WhiteElo "2596"]
[BlackElo "2313"]
[PlyCount "89"]
[EventDate "1986.05.17"]
[EventType "swiss"]
[EventRounds "7"]
[EventCountry "CAN"]

1. e4 d5 2. exd5 Qxd5 3. Nc3 Qa5 4. g3 Nf6 5. Bg2 c6 6. Nf3 e6 7. O-O Bd6 8. d4
Nbd7 9. Nd2 Qf5 10. Nc4 Bc7 11. a4 O-O 12. f4 Qh5 13. Bf3 Qh3 14. Ne5 h5 15.
Bg2 Qf5 16. Ra3 Rd8 17. Qe2 Nf8 18. Be3 Bb6 19. Rd1 a6 20. h3 Nd5 21. g4 Qh7
22. Ne4 f6 23. Nc4 Bc7 24. gxh5 Bd7 25. Ncd6 Be8 26. Nxe8 Rxe8 27. c4 Nxe3 28.
Rxe3 Nd7 29. Nc3 Nf8 30. Ne4 Qh6 31. Rf1 Rad8 32. Nc5 Bxf4 33. Re4 Bd2 34. Nxb7
Rxd4 35. Rxd4 Be3+ 36. Kh1 Bxd4 37. Bxc6 Re7 38. b4 Qg5 39. b5 axb5 40. cxb5
Qh4 41. Qg4 Qxg4 42. hxg4 Nh7 43. Rd1 e5 44. a5 Ng5 45. Nd6 1-0

[Event "Paul Keres mem (11th)"]
[Site "Vancouver CAN"]
[Date "1986.05.17"]
[Round "3"]
[White "Bond, Robert"]
[Black "Spraggett, Kevin"]
[Result "0-1"]
[WhiteElo "2326"]
[BlackElo "2596"]
[PlyCount "68"]
[EventDate "1986.05.17"]
[EventType "swiss"]
[EventRounds "7"]
[EventCountry "CAN"]

1. d4 e6 2. Nf3 f5 3. c4 Nf6 4. Nc3 Bb4 5. Bd2 O-O 6. Qc2 c5 7. e3 Nc6 8. Rd1
Qe7 9. g3 d6 10. Bg2 cxd4 11. exd4 e5 12. dxe5 dxe5 13. O-O e4 14. Ng5 Nd4 15.
Qb1 Bxc3 16. bxc3 Nc6 17. Bf4 Ne8 18. c5 h6 19. Qb3+ Kh8 20. Nh3 Be6 21. Qa3
Qf7 22. Rd2 g5 23. Bd6 Rg8 24. Rb1 Rg7 25. Kh1 Nf6 26. Rdb2 Re8 27. Rxb7 Qxb7
28. Rxb7 Rxb7 29. Qa6 Rb1+ 30. Bf1 e3 31. fxe3 Bd5+ 32. Kg1 Ng4 33. e4 Bxe4 34.
Nf2 Ne3 0-1

[Event "Paul Keres mem (11th)"]
[Site "Vancouver CAN"]
[Date "1986.05.18"]
[Round "4"]
[White "Spraggett, Kevin"]
[Black "Basanta, Gary"]
[Result "1-0"]
[WhiteElo "2596"]
[BlackElo "2165"]
[PlyCount "43"]
[EventDate "1986.05.17"]
[EventType "swiss"]
[EventRounds "7"]
[EventCountry "CAN"]

1. c4 b6 2. d4 Bb7 3. Nc3 e6 4. a3 f5 5. d5 Be7 6. Nf3 Nf6 7. g3 O-O 8. Bg2
exd5 9. cxd5 Na6 10. Nd4 g6 11. b4 Qc8 12. Qb3 Kg7 13. Bb2 Re8 14. O-O c5 15.
dxc6 dxc6 16. Ne6+ Kh8 17. Ng5 h6 18. Qf7 hxg5 19. Nb5 Qb8 20. Rad1 cxb5 21.
Rd7 Rf8 22. Bxf6+ 1-0

[Event "Paul Keres mem (11th)"]
[Site "Vancouver CAN"]
[Date "1986.05.18"]
[Round "5"]
[White "Donaldson, John"]
[Black "Spraggett, Kevin"]
[Result "1/2-1/2"]
[WhiteElo "2420"]
[BlackElo "2596"]
[PlyCount "29"]
[EventDate "1986.05.17"]
[EventType "swiss"]
[EventRounds "7"]
[EventCountry "CAN"]

1. Nf3 c5 2. c4 Nf6 3. g3 b6 4. Bg2 Bb7 5. O-O g6 6. b3 Bg7 7. Bb2 O-O 8. d4
cxd4 9. Qxd4 d6 10. Nc3 Nbd7 11. Ne1 Bxg2 12. Nxg2 Re8 13. Ne3 a6 14. Qd2 Qb8
15. Ncd5 1/2-1/2

[Event "New York op"]
[Site "New York USA"]
[Date "1986.??.??"]
[Round "?"]
[White "Blocker, Calvin"]
[Black "Spraggett, Kevin"]
[Result "0-1"]
[WhiteElo "2380"]
[BlackElo "2535"]
[PlyCount "78"]
[EventDate "1986.03.??"]
[EventType "swiss"]
[EventRounds "9"]
[EventCountry "USA"]
[Source "ChessBase"]
[SourceDate "1996.11.15"]

1. c4 Nf6 2. Nc3 c5 3. g3 d5 4. cxd5 Nxd5 5. Bg2 Nc7 6. f4 g6 7. Nf3 Nc6 8. O-O
Bg7 9. d3 O-O 10. a3 Bg4 11. h3 Bd7 12. e4 Ne6 13. g4 Ned4 14. Be3 Rc8 15. Rc1
Nxf3+ 16. Qxf3 Be6 17. Rcd1 Bb3 18. Rd2 Bd4 19. Kh1 Qa5 20. Qf2 f6 21. h4 Rcd8
22. Rc1 Rd6 23. Qg3 Rfd8 24. g5 Kh8 25. Nd5 Re6 26. Re2 Bxe3 27. Rxe3 Qd2 28.
Rce1 Nd4 29. f5 gxf5 30. Nf4 Re5 31. g6 Rg8 32. Rg1 hxg6 33. Bf1 Bf7 34. Rg2
Qd1 35. Re1 Qf3 36. Qh2 fxe4 37. dxe4 Rxe4 38. Rxe4 Qxe4 39. h5 gxh5 0-1

[Event "New York op"]
[Site "New York USA"]
[Date "1986.??.??"]
[Round "?"]
[White "Formanek, Edward"]
[Black "Spraggett, Kevin"]
[Result "0-1"]
[WhiteElo "2350"]
[BlackElo "2535"]
[PlyCount "78"]
[EventDate "1986.03.??"]
[EventType "swiss"]
[EventRounds "9"]
[EventCountry "USA"]
[Source "ChessBase"]
[SourceDate "1996.11.15"]

1. e4 c5 2. Nf3 Nc6 3. d4 cxd4 4. Nxd4 Nf6 5. Nc3 d6 6. Bg5 Qb6 7. Nb3 e6 8.
Qe2 Be7 9. O-O-O O-O 10. f4 Rd8 11. f5 Ne5 12. g3 Bd7 13. Bh3 Rdc8 14. fxe6
Bxe6 15. Bxe6 fxe6 16. Be3 Qd8 17. Bf4 Qb6 18. Rd4 Rc6 19. Ra4 Rxc3 20. bxc3
Qc6 21. Rd4 Qxc3 22. Kb1 Rc8 23. Bxe5 dxe5 24. Rd3 Qc7 25. c3 a5 26. Rhd1 a4
27. Nd2 Nd7 28. Nf3 Nc5 29. Re3 b5 30. Ka1 Rb8 31. Rb1 Qa5 32. h4 Nb3+ 33. Kb2
Nc5 34. Ka1 Nxe4 35. Rxe4 Qxc3+ 36. Qb2 Qxf3 37. Rbe1 b4 38. R4e3 Qg4 39. Qd2
b3 0-1

[Event "New York op"]
[Site "New York USA"]
[Date "1986.??.??"]
[Round "?"]
[White "Frias Pablaza, Victor"]
[Black "Spraggett, Kevin"]
[Result "1-0"]
[WhiteElo "2440"]
[BlackElo "2535"]
[PlyCount "81"]
[EventDate "1986.03.??"]
[EventType "swiss"]
[EventRounds "9"]
[EventCountry "USA"]
[Source "ChessBase"]
[SourceDate "1996.11.15"]

1. Nf3 Nf6 2. c4 d6 3. d4 Nbd7 4. Nc3 c6 5. e4 e5 6. Be2 g6 7. O-O Bg7 8. Re1
O-O 9. Bf1 Re8 10. d5 c5 11. a3 Nh5 12. g3 Nf8 13. Bd2 a6 14. b4 b6 15. Rb1 Qc7
16. a4 Bd7 17. Be3 Reb8 18. Re2 f5 19. Reb2 a5 20. bxc5 bxc5 21. Nb5 Qb6 22.
exf5 Bxf5 23. Nc3 Qxb2 24. Rxb2 Rxb2 25. Bd3 Bxd3 26. Qxd3 Rb4 27. Nd2 Nf6 28.
Qc2 N8d7 29. Nb5 Bf8 30. Bg5 Re8 31. Kg2 Be7 32. h4 Rf8 33. f3 Rf7 34. Kh3 Bf8
35. Kg2 Ne8 36. Bd8 e4 37. Bxa5 exf3+ 38. Nxf3 Rxc4 39. Qxc4 Rxf3 40. Qe2 Ne5
41. Bc3 1-0

[Event "New York op"]
[Site "New York USA"]
[Date "1986.??.??"]
[Round "?"]
[White "Rohde, Michael"]
[Black "Spraggett, Kevin"]
[Result "1-0"]
[WhiteElo "2445"]
[BlackElo "2535"]
[PlyCount "93"]
[EventDate "1986.03.??"]
[EventType "swiss"]
[EventRounds "9"]
[EventCountry "USA"]

1. e4 e6 2. d4 d5 3. e5 c5 4. c3 Nc6 5. Nf3 Nge7 6. Na3 cxd4 7. cxd4 Nf5 8. Nc2
Qb6 9. Bd3 Bb4+ 10. Kf1 Be7 11. h4 Bd7 12. g4 Nh6 13. Rg1 Ng8 14. Rb1 a5 15.
Qe2 Nb4 16. Nxb4 axb4 17. a3 Nh6 18. axb4 Bxb4 19. Be3 Ng8 20. h5 h6 21. Kg2
Ne7 22. Ra1 Rd8 23. g5 Nf5 24. gxh6 gxh6 25. Kh1 Be7 26. Bd2 Rc8 27. b4 Qd8 28.
Rg4 Qb6 29. b5 Rf8 30. Rgg1 Qc7 31. Ba5 b6 32. Bd2 Qb7 33. Rg2 Rc4 34. Rag1
Nxd4 35. Nxd4 Rxd4 36. Bxh6 Rh4+ 37. Rh2 d4+ 38. Rgg2 Rg8 39. Be4 Rxh2+ 40.
Kxh2 Rxg2+ 41. Kxg2 Qc7 42. Bf4 Bf8 43. h6 Bxh6 44. Bxh6 Qxe5 45. Qg4 Ke7 46.
Bg5+ Ke8 47. Bh4 1-0

[Event "New York op"]
[Site "New York USA"]
[Date "1986.??.??"]
[Round "?"]
[White "Spraggett, Kevin"]
[Black "Mateo, Ramon"]
[Result "1-0"]
[WhiteElo "2535"]
[BlackElo "2395"]
[PlyCount "91"]
[EventDate "1986.03.??"]
[EventType "swiss"]
[EventRounds "9"]
[EventCountry "USA"]
[Source "ChessBase"]
[SourceDate "1996.11.15"]

1. c4 e5 2. g3 f5 3. Bg2 Nf6 4. Nc3 Bb4 5. Qc2 Bxc3 6. Qxc3 Qe7 7. Nf3 Nc6 8.
O-O O-O 9. d3 a5 10. b3 d6 11. Bb2 Ng4 12. h3 Nh6 13. e3 Nf7 14. Rae1 Bd7 15.
Nh2 Ncd8 16. f4 Bc6 17. Nf3 Re8 18. d4 Bxf3 19. Bxf3 e4 20. d5 Nh8 21. Bd1 Rf8
22. g4 Ng6 23. Kh2 b6 24. gxf5 Rxf5 25. Bc2 Rf7 26. Qd4 Nb7 27. Bxe4 Nc5 28.
Bxg6 hxg6 29. Rg1 Kh7 30. Rg4 Re8 31. Qd2 Ne4 32. Qc2 Qd7 33. Reg1 Qf5 34. Qg2
g5 35. h4 Qg6 36. Bd4 Kg8 37. Rf1 Qh5 38. Kg1 Ree7 39. f5 Nf6 40. Rxg5 Qxh4 41.
Rg3 Qe4 42. Qh3 b5 43. Kh2 bxc4 44. Rf4 Qxd5 45. Rh4 Kf8 46. Bxf6 1-0

[Event "New York op"]
[Site "New York USA"]
[Date "1986.??.??"]
[Round "?"]
[White "Spraggett, Kevin"]
[Black "Saidy, Anthony"]
[Result "1-0"]
[WhiteElo "2535"]
[BlackElo "2420"]
[PlyCount "89"]
[EventDate "1986.03.??"]
[EventType "swiss"]
[EventRounds "9"]
[EventCountry "USA"]
[Source "ChessBase"]
[SourceDate "1996.11.15"]

1. d4 Nf6 2. c4 e6 3. Nf3 d5 4. Nc3 Be7 5. Bg5 O-O 6. e3 Nbd7 7. Bd3 dxc4 8.
Bxc4 c5 9. O-O cxd4 10. exd4 Nb6 11. Bb3 Bd7 12. Qe2 Bc6 13. Rfd1 Bd5 14. Nxd5
Nfxd5 15. Bd2 Rc8 16. a3 Bf6 17. Re1 Qe7 18. g3 Rfd8 19. Rad1 Rd7 20. h4 Rdc7
21. Qd3 Nc4 22. Bc1 Qd7 23. Ba2 g6 24. h5 Bg7 25. hxg6 hxg6 26. Kg2 Ne7 27. Qe2
Nb6 28. Ne5 Bxe5 29. dxe5 Qc6+ 30. Kg1 Qc2 31. Qf3 Nbd5 32. Bb3 Qf5 33. Qe2 Qh3
34. Bg5 Rc5 35. Rd3 Qf5 36. Bd2 g5 37. Rd4 Ng6 38. Rg4 Rc2 39. Bxc2 Qxc2 40.
Rc1 Qxc1+ 41. Bxc1 Rxc1+ 42. Kh2 a6 43. Rxg5 Rc5 44. Qg4 Nde7 45. Qb4 1-0

[Event "New York op"]
[Site "New York USA"]
[Date "1986.??.??"]
[Round "?"]
[White "Spraggett, Kevin"]
[Black "Zaltsman, Vitaly"]
[Result "0-1"]
[WhiteElo "2535"]
[BlackElo "2410"]
[PlyCount "72"]
[EventDate "1986.03.??"]
[EventType "swiss"]
[EventRounds "9"]
[EventCountry "USA"]
[Source "ChessBase"]
[SourceDate "1996.11.15"]

1. c4 c5 2. Nf3 Nf6 3. Nc3 e6 4. g3 d5 5. cxd5 Nxd5 6. Bg2 Be7 7. O-O O-O 8. d4
Nc6 9. e4 Nb6 10. d5 exd5 11. exd5 Nb4 12. Ne1 Bf6 13. Be3 Bxc3 14. bxc3 N4xd5
15. Bxc5 Re8 16. Bd4 Bf5 17. a4 a5 18. Qb3 Be4 19. Bxe4 Rxe4 20. Ng2 Re6 21.
Rfe1 Rc6 22. Re2 Qd7 23. Rae1 h6 24. Ne3 Rac8 25. Qb5 R6c7 26. Qxd7 Rxd7 27.
Nf5 Nxa4 28. Bxg7 Naxc3 29. Re8+ Rxe8 30. Rxe8+ Kh7 31. g4 f6 32. Bxh6 a4 33.
Ra8 b5 34. h4 b4 35. Bf8 a3 36. h5 b3 0-1

[Event "Havana-B"]
[Site "Havana CUB"]
[Date "1986.??.??"]
[Round "?"]
[White "Filguth, Rubens"]
[Black "Spraggett, Kevin"]
[Result "0-1"]
[WhiteElo "2405"]
[BlackElo "2535"]
[PlyCount "70"]
[EventDate "1986.??.??"]
[EventType "tourn"]
[EventRounds "12"]
[EventCountry "CUB"]
[EventCategory "8"]
[Source "ChessBase"]
[SourceDate "1997.11.17"]

1. c4 e5 2. Nc3 d6 3. g3 g6 4. Bg2 Bg7 5. e3 f5 6. Nge2 Nf6 7. O-O O-O 8. b3 c6
9. d3 Na6 10. Bb2 Bd7 11. Qd2 Qe7 12. Rad1 Rad8 13. h3 h5 14. h4 Nc7 15. Rde1
Bc8 16. Kh1 d5 17. Qc1 Rfe8 18. cxd5 cxd5 19. Ng1 b6 20. Rd1 Ba6 21. Rfe1 Ne6
22. Nf3 Ng4 23. Kg1 e4 24. dxe4 dxe4 25. Nh2 Ne5 26. Nd5 Qf7 27. Bxe5 Bxe5 28.
Qa3 Bd3 29. Rxd3 exd3 30. Rd1 Nc5 31. b4 Ne4 32. Nf4 Bxf4 33. gxf4 Qc4 34. Nf3
Qc2 35. Qb3+ Kg7 0-1

[Event "Havana-B"]
[Site "Havana CUB"]
[Date "1986.??.??"]
[Round "?"]
[White "Lebredo, Gerardo"]
[Black "Spraggett, Kevin"]
[Result "1/2-1/2"]
[WhiteElo "2390"]
[BlackElo "2535"]
[PlyCount "55"]
[EventDate "1986.??.??"]
[EventType "tourn"]
[EventRounds "12"]
[EventCountry "CUB"]
[EventCategory "8"]
[Source "ChessBase"]
[SourceDate "1997.11.17"]

1. d4 e6 2. c4 f5 3. Nf3 Nf6 4. g3 Be7 5. Bg2 O-O 6. O-O c6 7. Nc3 d5 8. Bg5
Nbd7 9. Qc2 Nb6 10. c5 Nbd7 11. b4 Ne4 12. Bxe7 Qxe7 13. Ne5 Nxe5 14. dxe5 Nxc3
15. Qxc3 Bd7 16. e3 g5 17. f4 Rf7 18. a4 Rg7 19. fxg5 Rxg5 20. Rf4 Kh8 21. Bf3
Rg7 22. Kf2 Rag8 23. a5 a6 24. Rd1 Be8 25. Rh4 Rg5 26. Rdd4 Kg7 27. Rdf4 h5 28.
Qd4 1/2-1/2

[Event "Havana-B"]
[Site "Havana CUB"]
[Date "1986.??.??"]
[Round "?"]
[White "Remon, Adelquis"]
[Black "Spraggett, Kevin"]
[Result "1-0"]
[WhiteElo "2395"]
[BlackElo "2535"]
[PlyCount "77"]
[EventDate "1986.??.??"]
[EventType "tourn"]
[EventRounds "12"]
[EventCountry "CUB"]
[EventCategory "8"]
[Source "ChessBase"]
[SourceDate "1997.11.17"]

1. d4 e6 2. Nf3 f5 3. g3 Nf6 4. Bg2 Be7 5. O-O O-O 6. c4 c6 7. b3 a5 8. a3 d5
9. Bb2 Ne4 10. Nbd2 Nd7 11. Qc2 Bd6 12. Rad1 Qe7 13. c5 Bc7 14. b4 e5 15. Nxe5
Nxe5 16. dxe5 Bxe5 17. Bxe5 Qxe5 18. Nf3 Qc3 19. Qxc3 Nxc3 20. Rd2 Nb5 21. a4
Nc3 22. b5 cxb5 23. axb5 a4 24. Nd4 Ra5 25. Rb2 Re8 26. e3 Bd7 27. c6 bxc6 28.
bxc6 Bc8 29. Rc1 Ne4 30. Rb5 Rxb5 31. Nxb5 Kf8 32. Ra1 Nc5 33. Bxd5 Re5 34. Nc3
Be6 35. Bf3 Bb3 36. c7 Re8 37. Nb5 Rc8 38. Rc1 Nd3 39. Rc3 1-0

[Event "Havana-B"]
[Site "Havana CUB"]
[Date "1986.??.??"]
[Round "?"]
[White "Spraggett, Kevin"]
[Black "Hernandez Leon, Alberto"]
[Result "1/2-1/2"]
[WhiteElo "2535"]
[BlackElo "2335"]
[PlyCount "89"]
[EventDate "1986.??.??"]
[EventType "tourn"]
[EventRounds "12"]
[EventCountry "CUB"]
[EventCategory "8"]
[Source "ChessBase"]
[SourceDate "1997.11.17"]

1. e4 c5 2. Nf3 d6 3. d4 cxd4 4. Nxd4 Nf6 5. Nc3 g6 6. Be3 Bg7 7. f3 Nc6 8. Qd2
Bd7 9. O-O-O Rc8 10. g4 h5 11. g5 Nh7 12. h4 Ne5 13. f4 Nc4 14. Bxc4 Rxc4 15.
Qd3 Rc8 16. Nde2 Bg4 17. Bd4 Bxd4 18. Qxd4 O-O 19. Rd2 Qa5 20. Kb1 Bxe2 21.
Rxe2 e5 22. fxe5 dxe5 23. Qd3 Rc6 24. Nd5 Re6 25. Rf1 Kg7 26. Ref2 Qc5 27. c3
b5 28. Rf3 a5 29. a3 Qc4 30. Qc2 f5 31. gxf6+ Nxf6 32. Kc1 Nxd5 33. Rxf8 Nf6
34. R8xf6 Rxf6 35. Rxf6 Kxf6 36. Qf2+ Kg7 37. Qa7+ Kh6 38. Qe3+ Kg7 39. b3 Qxb3
40. Qc5 Kf7 41. Qc7+ Ke6 42. Qc8+ Ke7 43. Qc7+ Ke6 44. Qc8+ Ke7 45. Qc7+
1/2-1/2

[Event "Havana-B"]
[Site "Havana CUB"]
[Date "1986.??.??"]
[Round "?"]
[White "Spraggett, Kevin"]
[Black "Sieiro Gonzalez, Luis"]
[Result "1-0"]
[WhiteElo "2535"]
[BlackElo "2365"]
[PlyCount "53"]
[EventDate "1986.??.??"]
[EventType "tourn"]
[EventRounds "12"]
[EventCountry "CUB"]
[EventCategory "8"]
[Source "ChessBase"]
[SourceDate "1997.11.17"]

1. e4 e5 2. Nf3 Nf6 3. Nxe5 d6 4. Nf3 Nxe4 5. d4 d5 6. Bd3 Nc6 7. O-O Bg4 8. c3
Bd6 9. Re1 f5 10. h3 Bh5 11. Qb3 Qf6 12. Qxd5 Bxf3 13. gxf3 O-O-O 14. fxe4 Bh2+
15. Kxh2 Rxd5 16. exd5 Qd6+ 17. Kg1 Qxd5 18. Bf1 g5 19. Bg2 Qd6 20. Nd2 g4 21.
hxg4 fxg4 22. Ne4 Qg6 23. Bf4 Qf5 24. Bg3 h5 25. Nc5 Qg5 26. Bxc6 bxc6 27. Re5
1-0

[Event "Havana-B"]
[Site "Havana CUB"]
[Date "1986.??.??"]
[Round "?"]
[White "Vilela, Jose Luis"]
[Black "Spraggett, Kevin"]
[Result "1/2-1/2"]
[WhiteElo "2410"]
[BlackElo "2535"]
[PlyCount "23"]
[EventDate "1986.??.??"]
[EventType "tourn"]
[EventRounds "12"]
[EventCountry "CUB"]
[EventCategory "8"]
[Source "ChessBase"]
[SourceDate "1997.11.17"]

1. d4 Nf6 2. c4 d6 3. Nc3 Nbd7 4. Nf3 c6 5. g3 e5 6. Bg2 Be7 7. O-O O-O 8. Qc2
Re8 9. b3 Bf8 10. e4 exd4 11. Nxd4 a5 12. Bb2 1/2-1/2

[Event "Szirak"]
[Site "Szirak HUN"]
[Date "1986.??.??"]
[Round "?"]
[White "Garcia Palermo, Carlos"]
[Black "Spraggett, Kevin"]
[Result "1/2-1/2"]
[WhiteElo "2515"]
[BlackElo "2525"]
[PlyCount "25"]
[EventDate "1986.??.??"]
[EventType "tourn"]
[EventRounds "13"]
[EventCountry "HUN"]
[EventCategory "12"]

1. d4 Nf6 2. c4 d6 3. Nc3 g6 4. Nf3 Bg7 5. h3 O-O 6. Bf4 b6 7. e3 Bb7 8. Be2
Ne4 9. Nxe4 Bxe4 10. O-O Nd7 11. Qb3 e5 12. Bg3 Qe7 13. Rad1 1/2-1/2

[Event "Szirak"]
[Site "Szirak HUN"]
[Date "1986.??.??"]
[Round "?"]
[White "Spraggett, Kevin"]
[Black "Hazai, Laszlo"]
[Result "1/2-1/2"]
[WhiteElo "2525"]
[BlackElo "2480"]
[PlyCount "36"]
[EventDate "1986.??.??"]
[EventType "tourn"]
[EventRounds "13"]
[EventCountry "HUN"]
[EventCategory "12"]

1. d4 Nf6 2. c4 g6 3. Nc3 Bg7 4. e4 d6 5. f3 O-O 6. Be3 c5 7. Nge2 Nc6 8. d5
Ne5 9. Ng3 e6 10. Be2 exd5 11. cxd5 a6 12. a4 Bd7 13. O-O b5 14. axb5 axb5 15.
Rxa8 Qxa8 16. Bxb5 Rb8 17. Bxd7 Nfxd7 18. Qc2 Qa6 1/2-1/2

[Event "Toronto int."]
[Site "Toronto CAN"]
[Date "1985.07.29"]
[Round "3"]
[White "Spraggett, Kevin"]
[Black "Wharton, William"]
[Result "1-0"]
[WhiteElo "2591"]
[BlackElo "2356"]
[PlyCount "49"]
[EventDate "1985.07.27"]
[EventType "swiss"]
[EventRounds "9"]
[EventCountry "CAN"]

1. Nf3 Nf6 2. d4 g6 3. c4 Bg7 4. Nc3 O-O 5. e4 d6 6. Be2 e5 7. Be3 h6 8. h3
exd4 9. Bxd4 Nc6 10. Be3 Re8 11. Nd2 Nd7 12. O-O Nc5 13. Re1 Nd4 14. Bf1 a5 15.
Rc1 c6 16. Ndb1 Qf6 17. e5 dxe5 18. Bxd4 Rd8 19. Bxc5 Rxd1 20. Rcxd1 Bf5 21.
Nd2 Bf8 22. Nde4 Bxe4 23. Nxe4 Qe6 24. Bxf8 Kxf8 25. Rd6 1-0

[Event "Toronto int."]
[Site "Toronto CAN"]
[Date "1985.07.31"]
[Round "5"]
[White "Spraggett, Kevin"]
[Black "Karklins, Andrew"]
[Result "1-0"]
[WhiteElo "2591"]
[BlackElo "2343"]
[PlyCount "39"]
[EventDate "1985.07.27"]
[EventType "swiss"]
[EventRounds "9"]
[EventCountry "CAN"]

1. d4 Nf6 2. c4 e6 3. Nf3 b6 4. a3 Bb7 5. Nc3 d5 6. cxd5 Nxd5 7. Qc2 Nxc3 8.
Qxc3 Nd7 9. Bg5 Nf6 10. e4 Rc8 11. Bxf6 Qxf6 12. Ba6 Bxa6 13. Qc6+ Kd8 14. Ne5
Qe7 15. d5 Qe8 16. Nxf7+ Qxf7 17. dxe6 Qe8 18. Rd1+ Ke7 19. Rd7+ Kf6 20. e7+
1-0

[Event "Toronto int."]
[Site "Toronto CAN"]
[Date "1985.08.04"]
[Round "9"]
[White "Spraggett, Kevin"]
[Black "Norwood, David"]
[Result "1-0"]
[WhiteElo "2591"]
[BlackElo "2445"]
[PlyCount "69"]
[EventDate "1985.07.27"]
[EventType "swiss"]
[EventRounds "9"]
[EventCountry "CAN"]

1. d4 Nf6 2. c4 c5 3. d5 e6 4. Nc3 exd5 5. cxd5 d6 6. Nf3 g6 7. Bf4 Bg7 8. Qa4+
Bd7 9. Qb3 Qc7 10. e4 O-O 11. Nd2 Nh5 12. Be3 f5 13. exf5 gxf5 14. Be2 Be8 15.
Nf3 f4 16. Bd2 Qe7 17. O-O Bxc3 18. Bxc3 Qxe2 19. Qxb7 Qa6 20. Qxa8 Bd7 21.
Rfe1 Nc6 22. Qxf8+ Kxf8 23. dxc6 Qxc6 24. b4 c4 25. a4 a6 26. b5 axb5 27. axb5
Qb7 28. Bb4 Qxb5 29. Bxd6+ Kg7 30. Be5+ Kg6 31. Bh8 Bc8 32. Rad1 Qc5 33. Rd8
Nf6 34. Re5 Qc6 35. Rg5+ 1-0

[Event "New York op"]
[Site "New York USA"]
[Date "1985.??.??"]
[Round "5"]
[White "Spraggett, Kevin"]
[Black "Anderson, Renard"]
[Result "1-0"]
[WhiteElo "2560"]
[BlackElo "2380"]
[PlyCount "55"]
[EventDate "1985.04.04"]
[EventType "swiss"]
[EventRounds "8"]
[EventCountry "CAN"]

1. c4 e5 2. g3 g6 3. d4 d6 4. Nc3 Nc6 5. Nf3 exd4 6. Nxd4 Bg7 7. Nxc6 bxc6 8.
Bg2 Bd7 9. O-O Ne7 10. Qc2 O-O 11. b3 Rb8 12. Bb2 f5 13. e3 Rf7 14. Rad1 Qf8
15. Na4 Be6 16. Bxg7 Rxg7 17. Qc3 c5 18. Qa5 Nc8 19. Nc3 Nb6 20. Qxa7 c6 21.
Qa3 Ra8 22. Qc1 Bd7 23. Rd2 Ra6 24. Rfd1 Nc8 25. f4 Be6 26. e4 fxe4 27. Nxe4 d5
28. cxd5 1-0

[Event "New York op"]
[Site "New York USA"]
[Date "1985.??.??"]
[Round "9"]
[White "Bjarnason, Saevar"]
[Black "Spraggett, Kevin"]
[Result "1-0"]
[WhiteElo "2355"]
[BlackElo "2560"]
[PlyCount "73"]
[EventDate "1985.04.04"]
[EventType "swiss"]
[EventRounds "8"]
[EventCountry "CAN"]

1. d4 Nf6 2. c4 g6 3. Nc3 Bg7 4. e4 d6 5. Nf3 O-O 6. Be3 Nbd7 7. Nd2 e5 8. d5
Ne8 9. g4 f5 10. gxf5 gxf5 11. exf5 Nc5 12. Nde4 Bxf5 13. Nxc5 dxc5 14. Bxc5
Nd6 15. Qh5 Bg6 16. Qh3 Rf4 17. Be3 Rh4 18. Qg2 Qf8 19. O-O-O Nxc4 20. d6 Nxd6
21. Bd3 Bxd3 22. Rxd3 Kh8 23. Rg1 Qf7 24. Bg5 Rc4 25. Bd2 Rg8 26. Rf3 Qe6 27.
Kb1 Rd4 28. Bc1 Ne8 29. Be3 Rb4 30. Qg5 e4 31. Rfg3 b6 32. a3 Rc4 33. Nd5 Rf8
34. Nf4 Qf7 35. Rh3 Kg8 36. Nd5 Nf6 37. Qh6 1-0